00502cam a2200181u 450000100060000000300080000600500170001400800390003103500190007004000330008904100080012208200200013010000290015024500320017926000690021130000290028065000110030917113BD-RjUL20211209000106.0140216s1943 nyu 000 0 eng a(BD-RjUL)17170 aDLCcCarPdDLCdBD-RjULbeng aeng00a813.4bBAM 19431 aBaum, Vicki,d1888-1960.00aMarion alive /cVicki Baum. aGarden City, N.Y., :bDoubleday, Doran and company, inc.,c1943. a3 p.l., 586 p. ;c22 cm. 0aMarion